[Event "BPB Limburg open"]
[Site "Maastricht"]
[Date "2015.05.24"]
[Round "4"]
[White "Vuilleumier, Alexandre"]
[Black "Henrichs, Thomas"]
[Result "0-1"]
[WhiteElo "2356"]
[BlackElo "2471"]
[PlyCount "72"]
[EventDate "2015.05.22"]
[EventType "swiss"]
[EventRounds "7"]
[EventCountry "NED"]
[Source "P.Boonen"]
[SourceDate "2015.10.01"]

1. e4 d6 2. d4 g6 3. Nc3 Bg7 4. Be3 c6 5. Qd2 b5 6. f3 Nd7 7. g4 Nb6 8. a4 Nc4
9. Bxc4 bxc4 10. Nge2 h5 11. g5 e6 12. O-O Ne7 13. Kh1 O-O 14. a5 d5 15. f4 Rb8
16. e5 Rxb2 17. Na4 Rb5 18. Nc5 Nf5 19. Bf2 Re8 20. Kg1 Bf8 21. Nc3 Bxc5 22.
Nxb5 cxb5 23. dxc5 d4 24. c6 Qd5 25. c3 d3 26. Bxa7 Qxc6 27. Qg2 Qd7 28. Qf2
Bb7 29. a6 Ba8 30. h3 b4 31. cxb4 c3 32. Kh2 d2 33. Be3 Nxe3 34. Qxe3 Qd5 35.
Qe2 c2 36. b5 Qd4 0-1

[Event "BPB Limburg open"]
[Site "Maastricht"]
[Date "2015.05.24"]
[Round "4"]
[White "Warmerdam, Max"]
[Black "Meijer, Dolf"]
[Result "1-0"]
[WhiteElo "2278"]
[BlackElo "2223"]
[PlyCount "139"]
[EventDate "2015.05.22"]
[EventType "swiss"]
[EventRounds "7"]
[EventCountry "NED"]
[Source "P.Boonen"]
[SourceDate "2015.10.01"]

1. e4 d5 2. exd5 Nf6 3. Bb5+ Nbd7 4. c4 a6 5. Bxd7+ Qxd7 6. b3 e6 7. dxe6 Qd4
8. Nc3 Bc5 9. Qf3 Bxe6 10. Nge2 Qd6 11. d4 Bxd4 12. Bf4 Bxc3+ 13. Nxc3 Qe7 14.
O-O O-O-O 15. Rfe1 Rhe8 16. h3 Qc5 17. Re5 Qc6 18. Qxc6 bxc6 19. Bg5 Nd7 20.
Rxe6 Rxe6 21. Bxd8 Kxd8 22. Kf1 Nc5 23. Re1 Rd6 24. Re5 Rd3 25. Rxc5 Rxc3 26.
Ra5 Rc2 27. Rxa6 Kd7 28. g3 Kd6 29. Kg2 Rb2 30. Kf3 h6 31. h4 Rc2 32. Ra5 Rb2
33. h5 Rc2 34. Ra8 Ke5 35. Ra7 Kd6 36. Kg2 Rb2 37. Ra8 Ke5 38. Rc8 Kd6 39. Rg8
Rxa2 40. Rxg7 Ke6 41. Rh7 Rb2 42. Rxh6+ f6 43. Rh7 Rxb3 44. Rxc7 Kd6 45. Rf7
Ke6 46. Rf8 Rb4 47. Rd8 Kf5 48. Rd4 Kg5 49. Rh4 Kh6 50. Kf3 Ra4 51. Ke3 c5 52.
Kd3 f5 53. Ke3 Rb4 54. Kf3 Ra4 55. Ke3 Rb4 56. Kd3 Ra4 57. Rf4 Ra3+ 58. Ke2 Ra4
59. Rxf5 Rxc4 60. Kf3 Rc2 61. Kg4 c4 62. f4 c3 63. Rf6+ Kh7 64. Rc6 Rc1 65. Kg5
c2 66. g4 Kg7 67. Rc7+ Kf8 68. h6 Ke8 69. h7 Rh1 70. Kg6 1-0

[Event "BPB Limburg open"]
[Site "Maastricht"]
[Date "2015.05.24"]
[Round "4"]
[White "Watzlawek, Markus"]
[Black "Van Foreest, Lucas"]
[Result "1-0"]
[WhiteElo "2107"]
[BlackElo "2312"]
[PlyCount "80"]
[EventDate "2015.05.22"]
[EventType "swiss"]
[EventRounds "7"]
[EventCountry "NED"]
[Source "P.Boonen"]
[SourceDate "2015.10.01"]

1. d4 Nf6 2. c4 e6 3. Nc3 Bb4 4. g3 O-O 5. Qc2 d5 6. Bg2 dxc4 7. Nf3 c5 8. dxc5
Na6 9. O-O Bxc5 10. a3 h6 11. Bf4 Nd5 12. Rad1 Qa5 13. Ne5 Nxc3 14. Nxc4 Nxe2+
15. Qxe2 Qb5 16. Qc2 Bd7 17. Rfe1 Rac8 18. Bf1 Be7 19. Qd2 Bc6 20. Nd6 Qb3 21.
Nxc8 Rxc8 22. Re3 Qb6 23. Bg2 Ba4 24. Rc1 Re8 25. b4 Bf6 26. Be5 Bg5 27. f4 Rd8
28. Qf2 Be7 29. Ree1 Qb5 30. Bf1 Qd5 31. Bg2 Qb5 32. h3 h5 33. h4 Nxb4 34. axb4
Bxb4 35. Re2 a5 36. Kh2 Bb3 37. Rc7 b6 38. Ba1 Bc5 39. Qf3 Bd1 40. Qb7 Rf8 {...
..} 1-0

[Event "BPB Limburg open"]
[Site "Maastricht"]
[Date "2015.05.24"]
[Round "4"]
[White "Wecker, Martin"]
[Black "Harff, Marcel"]
[Result "0-1"]
[WhiteElo "2122"]
[BlackElo "2344"]
[PlyCount "56"]
[EventDate "2015.05.22"]
[EventType "swiss"]
[EventRounds "7"]
[EventCountry "NED"]
[Source "P.Boonen"]
[SourceDate "2015.10.01"]

1. Nf3 d5 2. c4 d4 3. b4 g6 4. Bb2 Bg7 5. e3 e5 6. c5 Ne7 7. Bc4 O-O 8. O-O b6
9. exd4 exd4 10. cxb6 axb6 11. Qb3 Nf5 12. b5 Nd7 13. Ba3 Nd6 14. Bxd6 cxd6 15.
d3 Nc5 16. Qc2 d5 17. Bb3 Bf5 18. Rd1 Rc8 19. Qe2 Re8 20. Qf1 Qd7 21. Na3 Nxb3
22. axb3 Rc3 23. Rac1 Rxb3 24. Nc2 Bg4 25. Rb1 Rxb1 26. Rxb1 Bxf3 27. gxf3 Qf5
28. Qd1 Qf4 0-1

[Event "BPB Limburg open"]
[Site "Maastricht"]
[Date "2015.05.24"]
[Round "4"]
[White "Ypma, Peter"]
[Black "Boons, Bert"]
[Result "1-0"]
[WhiteElo "2260"]
[BlackElo "2000"]
[PlyCount "45"]
[EventDate "2015.05.22"]
[EventType "swiss"]
[EventRounds "7"]
[EventCountry "NED"]
[Source "P.Boonen"]
[SourceDate "2015.10.01"]

1. d4 d6 2. e4 Nf6 3. Nc3 c6 4. f4 Qa5 5. Qd3 e5 6. Nf3 Nbd7 7. Bd2 Qc7 8.
O-O-O b5 9. Kb1 Bb7 10. fxe5 dxe5 11. dxe5 Ng4 12. e6 fxe6 13. Nxb5 cxb5 14.
Ba5 Qc6 15. Nd4 Qxe4 16. Qxb5 Ne3 17. Bc4 Nxc4 18. Qxc4 Bd5 19. Qa4 Rc8 20.
Rhe1 Qg4 21. h3 Rc4 22. Qb5 Rc5 23. hxg4 1-0

[Event "BPB Limburg open"]
[Site "Maastricht"]
[Date "2015.05.24"]
[Round "5"]
[White "Bachaus, Sander"]
[Black "Harff, Wilfried"]
[Result "1-0"]
[WhiteElo "1996"]
[BlackElo "2163"]
[PlyCount "107"]
[EventDate "2015.05.22"]
[EventType "swiss"]
[EventRounds "7"]
[EventCountry "NED"]
[Source "P.Boonen"]
[SourceDate "2015.10.01"]

1. Nf3 c5 2. g3 b6 3. Bg2 Bb7 4. O-O d5 5. c4 dxc4 6. Qa4+ Qd7 7. Qxc4 Nc6 8.
Nc3 Nf6 9. d3 e6 10. Bf4 Rc8 11. Rfd1 Nd5 12. Nxd5 exd5 13. Qc2 Be7 14. h4 h6
15. Qd2 O-O 16. d4 Rcd8 17. Be3 Qe6 18. Rac1 c4 19. Bf4 b5 20. b3 Bb4 21. Qe3
Qf5 22. Ne5 Rfe8 23. g4 Qe6 24. g5 Nxe5 25. Bxe5 Qg4 26. bxc4 dxc4 27. Qg3 Qxg3
28. Bxg3 Bxg2 29. Kxg2 Rxe2 30. gxh6 c3 31. a3 c2 32. Rd3 Bxa3 33. Rxa3 Rxd4
34. Rc3 Rdd2 35. hxg7 b4 36. Rc8+ Kxg7 37. Bf4 Rxf2+ 38. Kg3 Rde2 39. Be3 Rg2+
40. Kf4 a5 41. Bd4+ f6 42. Ra8 b3 43. Rxa5 Rg4+ 44. Kxg4 Re4+ 45. Kf5 Rxd4 46.
Rg1+ Kf8 47. Ke6 Re4+ 48. Kxf6 Rf4+ 49. Ke6 Re4+ 50. Kf6 Rf4+ 51. Ke6 Re4+ 52.
Kf6 b2 53. Ra8+ Re8 54. Ra7 1-0

[Event "BPB Limburg open"]
[Site "Maastricht"]
[Date "2015.05.24"]
[Round "5"]
[White "Balje, Jan"]
[Black "Van Laatum, Maarten"]
[Result "1-0"]
[WhiteElo "2203"]
[BlackElo "2023"]
[PlyCount "51"]
[EventDate "2015.05.22"]
[EventType "swiss"]
[EventRounds "7"]
[EventCountry "NED"]
[Source "P.Boonen"]
[SourceDate "2015.10.01"]

1. Nf3 Nf6 2. c4 e6 3. g3 d5 4. d4 Be7 5. Bg2 O-O 6. O-O dxc4 7. Qc2 a6 8. a4
c5 9. Rd1 Nc6 10. dxc5 Qa5 11. Qxc4 Qxc5 12. Na3 e5 13. Qxc5 Bxc5 14. Bd2 Ne4
15. Be1 Be6 16. Rdc1 Bb6 17. Nc4 Bxc4 18. Rxc4 f5 19. Nd2 Nd6 20. Bxc6 bxc6 21.
Rxc6 Nc8 22. Nc4 Rf6 23. Nxe5 Bd4 24. Rxf6 gxf6 25. Nc4 Rb8 26. Rd1 1-0

[Event "BPB Limburg open"]
[Site "Maastricht"]
[Date "2015.05.24"]
[Round "5"]
[White "Bauer, Christian"]
[Black "Van Foreest, Jorden"]
[Result "0-1"]
[WhiteElo "2624"]
[BlackElo "2519"]
[PlyCount "75"]
[EventDate "2015.05.22"]
[EventType "swiss"]
[EventRounds "7"]
[EventCountry "NED"]
[Source "P.Boonen"]
[SourceDate "2015.10.01"]

1. b3 e5 2. Bb2 Nc6 3. e3 Nf6 4. c4 g6 5. Nf3 Qe7 6. d3 Bg7 7. Nc3 O-O 8. Be2
Rd8 9. e4 Nd4 10. O-O c6 11. Re1 Nxe2+ 12. Qxe2 d6 13. h3 Nh5 14. Qe3 Nf4 15.
Ne2 g5 16. d4 h5 17. Nh2 Be6 18. Rad1 Qf6 19. Nxf4 gxf4 20. Qe2 Qg6 21. Kh1 f6
22. Rg1 h4 23. g3 hxg3 24. fxg3 f3 25. Qxf3 d5 26. g4 dxe4 27. Qe2 b5 28. dxe5
fxe5 29. cxb5 Rd3 30. bxc6 Bd5 31. Rg2 Bxc6 32. Kg1 Rad8 33. Rf1 Bb7 34. Bc1
Rxh3 35. Qc4+ Bd5 36. Qc7 Re8 37. Qxa7 e3 38. Qa4 {.....} 0-1

[Event "BPB Limburg open"]
[Site "Maastricht"]
[Date "2015.05.24"]
[Round "5"]
[White "Beerdsen, Thomas"]
[Black "Dalemans, Diana"]
[Result "1-0"]
[WhiteElo "2291"]
[BlackElo "2012"]
[PlyCount "87"]
[EventDate "2015.05.22"]
[EventType "swiss"]
[EventRounds "7"]
[EventCountry "NED"]
[Source "P.Boonen"]
[SourceDate "2015.10.01"]

1. e4 g6 2. d4 Bg7 3. c3 d5 4. Nd2 c5 5. dxc5 Nf6 6. exd5 Qxd5 7. Ngf3 Qxc5 8.
g3 O-O 9. Bg2 Qc7 10. O-O Nc6 11. Qa4 Bf5 12. Nb3 e5 13. Re1 a6 14. Qh4 Ng4 15.
h3 Nf6 16. Bh6 Rfe8 17. g4 Be6 18. Ng5 Bxb3 19. axb3 Bh8 20. Ne4 Nxe4 21. Bxe4
Nd8 22. b4 Ne6 23. Be3 Red8 24. Qg3 Nf4 25. Qf3 Rd7 26. b5 Nd3 27. Bxd3 Rxd3
28. bxa6 Rxa6 29. Rxa6 bxa6 30. Qa8+ Qd8 31. Qxa6 e4 32. Kg2 Bf6 33. Qc6 Rd5
34. Ra1 Kg7 35. Ra8 Qd7 36. Qxd7 Rxd7 37. Ra4 Rb7 38. g5 Bd8 39. Rxe4 Rxb2 40.
Re8 Ba5 41. Bd4+ f6 42. gxf6+ Kf7 43. Re7+ Kf8 44. Bc5 1-0

[Event "BPB Limburg open"]
[Site "Maastricht"]
[Date "2015.05.24"]
[Round "5"]
[White "Bhattacharjee, Sourav"]
[Black "Hoynck van Papendrecht, Frans"]
[Result "1/2-1/2"]
[WhiteElo "2042"]
[BlackElo "2091"]
[PlyCount "73"]
[EventDate "2015.05.22"]
[EventType "swiss"]
[EventRounds "7"]
[EventCountry "NED"]
[Source "P.Boonen"]
[SourceDate "2015.10.01"]

1. e4 Nf6 2. e5 Nd5 3. d4 d6 4. c4 Nb6 5. exd6 exd6 6. Nc3 Be7 7. h3 Nc6 8. Nf3
Bf5 9. Be3 O-O 10. Be2 d5 11. cxd5 Nb4 12. O-O N4xd5 13. Rc1 Nxc3 14. Rxc3 Nd5
15. Rc1 c6 16. Bd3 Bxd3 17. Qxd3 Bf6 18. Ne5 Nxe3 19. Qxe3 Qd5 20. Rc5 Qe6 21.
Ng4 Rfe8 22. Nxf6+ Qxf6 23. Re5 Rxe5 24. dxe5 Qe6 25. b3 b6 26. Rd1 Re8 27. Qd4
g5 28. Qd7 Qxd7 29. Rxd7 Rxe5 30. Rxa7 Re1+ 31. Kh2 Rc1 32. Ra6 b5 33. a4 bxa4
34. Rxa4 Rc3 35. Rg4 f6 36. h4 h6 37. hxg5 1/2-1/2

[Event "BPB Limburg open"]
[Site "Maastricht"]
[Date "2015.05.24"]
[Round "5"]
[White "Braun, Christian1"]
[Black "Dambacher, Martijn"]
[Result "0-1"]
[WhiteElo "2424"]
[BlackElo "2483"]
[PlyCount "86"]
[EventDate "2015.05.22"]
[EventType "swiss"]
[EventRounds "7"]
[EventCountry "NED"]
[Source "P.Boonen"]
[SourceDate "2015.10.01"]

1. e4 e5 2. Nf3 Nc6 3. Bb5 g6 4. c3 a6 5. Ba4 Bg7 6. d4 b5 7. Bc2 exd4 8. cxd4
d6 9. h3 Nge7 10. O-O O-O 11. Nc3 Bb7 12. Re1 Qd7 13. Bf4 Na5 14. Rc1 Nc4 15.
b3 Nb6 16. b4 h6 17. Bb3 Kh7 18. d5 Qd8 19. Ne2 Rc8 20. Ned4 Qd7 21. Bg3 Rfe8
22. h4 c6 23. dxc6 Nxc6 24. Nxc6 Rxc6 25. Rxc6 Bxc6 26. Qxd6 Qxd6 27. Bxd6 Nc4
28. Bxc4 bxc4 29. e5 f6 30. Nd4 Bd5 31. f4 g5 32. Nf5 fxe5 33. fxg5 hxg5 34.
hxg5 c3 35. g6+ Kxg6 36. Ne7+ Rxe7 37. Bxe7 Bh6 38. b5 axb5 39. Rxe5 c2 40. Ba3
b4 41. Bb2 Bxa2 42. Rb5 Be3+ 43. Kh2 b3 0-1

[Event "BPB Limburg open"]
[Site "Maastricht"]
[Date "2015.05.24"]
[Round "5"]
[White "Burg, Brent"]
[Black "Coenen, Eduard"]
[Result "1-0"]
[WhiteElo "2214"]
[BlackElo "2129"]
[PlyCount "75"]
[EventDate "2015.05.22"]
[EventType "swiss"]
[EventRounds "7"]
[EventCountry "NED"]
[Source "P.Boonen"]
[SourceDate "2015.10.01"]

1. c4 g6 2. g3 Bg7 3. Bg2 e5 4. Nc3 d6 5. d3 f5 6. Rb1 Nf6 7. e3 O-O 8. Nge2
Nc6 9. b4 Qe8 10. O-O g5 11. f4 gxf4 12. exf4 exf4 13. Nxf4 Ng4 14. Ncd5 Bd4+
15. Kh1 Rf7 16. Bb2 Qe5 17. Qd2 Qg7 18. Bxd4 Nxd4 19. Rbe1 Qh6 20. Re8+ Kg7 21.
h3 Ne5 22. Qd1 Qg5 23. Qa1 Nc2 24. Qb2 Kh6 25. Qxc2 c6 26. Ne6 Qxg3 27. Qd2+
Kh5 28. Ndf4+ Kh4 29. Qe2 Ng4 30. hxg4 fxg4 31. Ng6+ Kh5 32. Rxf7 Bxe6 33. Qxe6
Rxe8 34. Rxh7+ Kg5 35. Qxe8 Qxd3 36. Rh5+ Kf6 37. Qe7+ Kxg6 38. Qh7+ 1-0

[Event "BPB Limburg open"]
[Site "Maastricht"]
[Date "2015.05.24"]
[Round "5"]
[White "Burg, Twan"]
[Black "Dragun, Kamil"]
[Result "1/2-1/2"]
[WhiteElo "2507"]
[BlackElo "2580"]
[PlyCount "81"]
[EventDate "2015.05.22"]
[EventType "swiss"]
[EventRounds "7"]
[EventCountry "NED"]
[Source "P.Boonen"]
[SourceDate "2015.10.01"]

1. e4 c6 2. d4 d5 3. e5 Bf5 4. Nf3 e6 5. Be2 Nd7 6. O-O Ne7 7. Nbd2 h6 8. a4 g5
9. a5 Bg7 10. c4 O-O 11. Nb3 dxc4 12. Bxc4 Nd5 13. Re1 Qe7 14. Bd3 Bxd3 15.
Qxd3 Rac8 16. h3 c5 17. Nxc5 Nxc5 18. dxc5 Qxc5 19. Ra4 Qc2 20. Qxc2 Rxc2 21.
h4 Rfc8 22. Bd2 gxh4 23. Rxh4 R8c4 24. Rxc4 Rxc4 25. Rc1 Rxc1+ 26. Bxc1 Nb4 27.
Bd2 Nc6 28. Bc3 Kh7 29. Kh2 Bf8 30. Kg3 Kg6 31. Nd2 Bg7 32. Nc4 f6 33. f4 fxe5
34. fxe5 b5 35. axb6 axb6 36. Nxb6 Bxe5+ 37. Bxe5 Nxe5 38. Na4 Nd3 39. Kf3 Kf5
40. b3 h5 41. Nc3 1/2-1/2

[Event "BPB Limburg open"]
[Site "Maastricht"]
[Date "2015.05.24"]
[Round "5"]
[White "Bus, Tom"]
[Black "Vereggen, Lars"]
[Result "1-0"]
[WhiteElo "2111"]
[BlackElo "2299"]
[PlyCount "95"]
[EventDate "2015.05.22"]
[EventType "swiss"]
[EventRounds "7"]
[EventCountry "NED"]
[Source "P.Boonen"]
[SourceDate "2015.10.01"]

1. c4 c5 2. g3 Nc6 3. Bg2 g6 4. Nc3 Bg7 5. a3 e5 6. b4 d6 7. bxc5 dxc5 8. Rb1
Nge7 9. Nf3 O-O 10. O-O f5 11. Ne1 Rb8 12. Nc2 Be6 13. d3 e4 14. Bb2 Ne5 15.
Re1 Qa5 16. Nd5 N7c6 17. f4 exf3 18. exf3 Bxd5 19. cxd5 Nd4 20. f4 Nxc2 21.
Qxc2 Nxd3 22. Qxd3 Bxb2 23. d6 Bd4+ 24. Kh1 b5 25. Re7 Qd8 26. Rbe1 Qxd6 27.
R1e6 Qd8 28. Bc6 Rb6 29. Qf3 Rxc6 30. Qxc6 Qa8 31. Rb7 Rd8 32. Rxg6+ Kh8 33.
Rd6 Rxd6 34. Rxh7+ Kxh7 35. Qxa8 a6 36. Qe8 Rf6 37. Kg2 Kg7 38. Kf3 Rf7 39. h3
c4 40. Qc8 a5 41. Qc6 c3 42. g4 fxg4+ 43. hxg4 Be5 44. f5 b4 45. axb4 axb4 46.
Qe6 Bb8 47. g5 c2 48. f6+ 1-0

[Event "BPB Limburg open"]
[Site "Maastricht"]
[Date "2015.05.24"]
[Round "5"]
[White "Coenen, Michael"]
[Black "Schoppen, Casper"]
[Result "1-0"]
[WhiteElo "2428"]
[BlackElo "2202"]
[PlyCount "53"]
[EventDate "2015.05.22"]
[EventType "swiss"]
[EventRounds "7"]
[EventCountry "NED"]
[Source "P.Boonen"]
[SourceDate "2015.10.01"]

1. d4 Nf6 2. Nf3 e6 3. Bg5 d5 4. e3 Be7 5. Bd3 Nbd7 6. O-O O-O 7. Nbd2 h6 8.
Bh4 c5 9. c3 b6 10. Ne5 Nxe5 11. dxe5 Nd7 12. Bxe7 Qxe7 13. f4 Bb7 14. Qe2 f6
15. exf6 Qxf6 16. Qg4 Rad8 17. Nf3 Rfe8 18. Rad1 Re7 19. Qg3 a6 20. h4 Qf8 21.
Ne5 Nxe5 22. fxe5 Qe8 23. Rf4 Kh8 24. Rdf1 Qg8 25. Qg6 Ree8 26. Rf7 Bc6 27.
R1f6 1-0

[Event "BPB Limburg open"]
[Site "Maastricht"]
[Date "2015.05.24"]
[Round "5"]
[White "Coenen, Siegfried"]
[Black "Blom, Vincent"]
[Result "0-1"]
[WhiteElo "2054"]
[BlackElo "2243"]
[PlyCount "81"]
[EventDate "2015.05.22"]
[EventType "swiss"]
[EventRounds "7"]
[EventCountry "NED"]
[Source "P.Boonen"]
[SourceDate "2015.10.01"]

1. e4 c6 2. d4 d5 3. Nc3 dxe4 4. Nxe4 Bf5 5. Ng3 Bg6 6. Nf3 Nd7 7. Bd3 e6 8.
O-O Ngf6 9. Bg5 Be7 10. Re1 Qc7 11. c4 Bxd3 12. Qxd3 O-O 13. a3 h6 14. Bd2 Rfd8
15. b4 Nf8 16. Qe2 a6 17. Nf5 Ng6 18. Nxe7+ Qxe7 19. Bc3 b5 20. Rad1 bxc4 21.
Qxc4 Nd5 22. Bb2 Qb7 23. Rc1 a5 24. Bc3 axb4 25. Bxb4 Nxb4 26. axb4 Rab8 27.
Rb1 Qb5 28. Qc2 Nf4 29. Ne5 Rxd4 30. Rbc1 Nd3 31. Qc3 Nxc1 32. Qxd4 Ne2+ 33.
Rxe2 Qxe2 34. h3 Qe1+ 35. Kh2 Qxb4 36. Qe3 Qd6 37. f4 c5 38. Qa3 Qd4 39. Kg3 g5
40. Nd3 c4 41. Qa7 0-1

[Event "BPB Limburg open"]
[Site "Maastricht"]
[Date "2015.05.24"]
[Round "5"]
[White "Dardha, Arben"]
[Black "Drose, Daniela"]
[Result "1-0"]
[WhiteElo "2343"]
[BlackElo "1977"]
[PlyCount "93"]
[EventDate "2015.05.22"]
[EventType "swiss"]
[EventRounds "7"]
[EventCountry "NED"]
[Source "P.Boonen"]
[SourceDate "2015.10.01"]

1. e4 c5 2. Nf3 d6 3. d4 cxd4 4. Nxd4 Nf6 5. Nc3 a6 6. Be2 e5 7. Nb3 Be7 8. O-O
O-O 9. a4 Be6 10. Bg5 Nbd7 11. Kh1 Nb6 12. Bxf6 Bxf6 13. a5 Nc8 14. Nd5 Bxd5
15. Qxd5 Qc7 16. Qd3 Rd8 17. Nd2 b5 18. axb6 Nxb6 19. Ra5 Nd7 20. b4 Nc5 21.
Qa3 Nb7 22. Rxa6 Rxa6 23. Qxa6 Qxc2 24. Qxb7 Qxd2 25. Bc4 Rf8 26. g3 h5 27. Kg2
Qd4 28. Bb3 Bd8 29. Rd1 Qc3 30. Ba4 Bc7 31. Bc6 Bb8 32. b5 Qb3 33. Ra1 Qe6 34.
Bd5 Qg4 35. h3 Qg5 36. Ra8 Qd8 37. Bxf7+ Kh8 38. Bxh5 Qf6 39. Qb6 g6 40. Rxb8
gxh5 41. Rxf8+ Qxf8 42. Qc6 Kg7 43. Qd7+ Kh6 44. b6 Qg8 45. Qxd6+ Kh7 46. Qc5
Qf7 47. Qc7 1-0

[Event "BPB Limburg open"]
[Site "Maastricht"]
[Date "2015.05.24"]
[Round "5"]
[White "De Mey, Juan Pablo"]
[Black "Schleipfenbauer, Frank"]
[Result "1-0"]
[WhiteElo "1969"]
[BlackElo "2153"]
[PlyCount "67"]
[EventDate "2015.05.22"]
[EventType "swiss"]
[EventRounds "7"]
[EventCountry "NED"]
[Source "P.Boonen"]
[SourceDate "2015.10.01"]

1. e4 c5 2. Nf3 e6 3. d4 cxd4 4. Nxd4 a6 5. Nc3 Qc7 6. Bd3 g6 7. Be3 Bg7 8. Qd2
Nc6 9. Nde2 Nge7 10. Bh6 Bxh6 11. Qxh6 d5 12. O-O-O Bd7 13. exd5 exd5 14. Nf4
O-O-O 15. Nfxd5 Nxd5 16. Nxd5 Qa5 17. Nc3 Be6 18. a3 Kb8 19. Rhe1 Rc8 20. Re4
Rhd8 21. h4 Rc7 22. Qe3 b5 23. Be2 Rxd1+ 24. Bxd1 b4 25. Nb1 Kb7 26. Qf4 Bd5
27. Re3 Qb6 28. axb4 Nxb4 29. Nc3 Ka7 30. Re5 Bxg2 31. f3 Bh3 32. Re4 a5 33.
Rxb4 axb4 34. Nd5 1-0

[Event "BPB Limburg open"]
[Site "Maastricht"]
[Date "2015.05.24"]
[Round "5"]
[White "Decoster, Frederic"]
[Black "Overeem, Marc"]
[Result "1-0"]
[WhiteElo "2303"]
[BlackElo "2194"]
[PlyCount "67"]
[EventDate "2015.05.22"]
[EventType "swiss"]
[EventRounds "7"]
[EventCountry "NED"]
[Source "P.Boonen"]
[SourceDate "2015.10.01"]

1. e4 c6 2. d4 d5 3. Nc3 dxe4 4. Nxe4 Bf5 5. Ng3 Bg6 6. h4 h6 7. Nf3 Nd7 8. h5
Bh7 9. Bd3 Bxd3 10. Qxd3 e6 11. Bf4 Qa5+ 12. Bd2 Qc7 13. O-O-O Ngf6 14. Ne4
O-O-O 15. g3 Nxe4 16. Qxe4 Bd6 17. c4 c5 18. d5 Nf6 19. Qc2 exd5 20. cxd5 Qd7
21. Bc3 Kb8 22. Bxf6 gxf6 23. Nh4 Qg4 24. Nf5 Be5 25. Kb1 Qf3 26. Nh4 Qxh5 27.
Qxc5 Qe2 28. Qc2 Qb5 29. f4 Bc7 30. Qd3 Qd7 31. Nf5 h5 32. d6 Bb6 33. Rhe1 Rhe8
34. Re7 1-0

[Event "BPB Limburg open"]
[Site "Maastricht"]
[Date "2015.05.24"]
[Round "5"]
[White "Ernst, Sipke"]
[Black "Clemens, Adrian HP"]
[Result "1-0"]
[WhiteElo "2523"]
[BlackElo "2172"]
[PlyCount "55"]
[EventDate "2015.05.22"]
[EventType "swiss"]
[EventRounds "7"]
[EventCountry "NED"]
[Source "P.Boonen"]
[SourceDate "2015.10.01"]

1. c4 e5 2. Nc3 Nf6 3. g3 d5 4. cxd5 Nxd5 5. Bg2 Nb6 6. Nf3 Nc6 7. O-O Be7 8.
b3 O-O 9. Bb2 Be6 10. Rc1 f6 11. Ne4 a5 12. d4 exd4 13. Nxd4 Nxd4 14. Qxd4 c6
15. Nc5 Bxc5 16. Qxc5 a4 17. Rfd1 Qc7 18. Bd4 Nd7 19. Qc2 axb3 20. axb3 Qa5 21.
Be4 h6 22. Rb1 f5 23. Bd3 Ne5 24. Ra1 Qd5 25. Qc3 Rxa1 26. Qxa1 Nxd3 27. Rxd3
Qb5 28. Bxg7 1-0

[Event "BPB Limburg open"]
[Site "Maastricht"]
[Date "2015.05.24"]
[Round "5"]
[White "Geurink, Jasper"]
[Black "Warmerdam, Max"]
[Result "1-0"]
[WhiteElo "2354"]
[BlackElo "2278"]
[PlyCount "150"]
[EventDate "2015.05.22"]
[EventType "swiss"]
[EventRounds "7"]
[EventCountry "NED"]
[Source "P.Boonen"]
[SourceDate "2015.10.01"]

1. e4 e5 2. Nf3 Nc6 3. Bb5 a6 4. Bxc6 dxc6 5. O-O Bg4 6. h3 h5 7. d3 Qf6 8. Be3
Bd6 9. Nbd2 Ne7 10. Re1 Be6 11. c4 Bb4 12. a3 Bxd2 13. Qxd2 Bc8 14. d4 exd4 15.
Bxd4 Qe6 16. Qf4 Ng6 17. Qxc7 O-O 18. c5 Qe7 19. Qxe7 Nxe7 20. Rad1 Ng6 21. Bc3
Re8 22. Rd6 Be6 23. Red1 Bb3 24. Re1 Be6 25. Kh2 a5 26. g3 a4 27. Kg2 Nf8 28.
Nd4 Bc4 29. f4 Rad8 30. Nf5 Ne6 31. Red1 Rb8 32. Bb4 g6 33. Ne3 Bb3 34. R1d2
Re7 35. Rd7 Rbe8 36. Rxe7 Rxe7 37. Kf3 f6 38. h4 Nf8 39. g4 hxg4+ 40. Nxg4 Kf7
41. Ne3 Ba2 42. Nf1 Rd7 43. Rxd7+ Nxd7 44. Ke3 Kg7 45. Ng3 Kh6 46. Kd4 Bb1 47.
Bd2 Kg7 48. Be3 Kf7 49. h5 gxh5 50. Nxh5 Nf8 51. f5 Nd7 52. Bf4 b6 53. cxb6
Nxb6 54. Kc5 Nd7+ 55. Kxc6 Ne5+ 56. Bxe5 Bxe4+ 57. Kd6 fxe5 58. Kxe5 Bc2 59.
Kf4 Bb1 60. Kg5 Bc2 61. Ng3 Bd3 62. Nh1 Bb1 63. Nf2 Bc2 64. Ng4 Bb1 65. Ne5+
Kg7 66. f6+ Kf8 67. Kf4 Ke8 68. Ke3 Ba2 69. Kd4 Bb3 70. Kc5 Kf8 71. Kb4 Ke8 72.
Nd3 Kf7 73. Nc5 Bc2 74. Nxa4 Kxf6 75. Nc3 Ke6 1-0

[Event "BPB Limburg open"]
[Site "Maastricht"]
[Date "2015.05.24"]
[Round "5"]
[White "Goudriaan, Etienne"]
[Black "Watzlawek, Markus"]
[Result "1-0"]
[WhiteElo "2372"]
[BlackElo "2107"]
[PlyCount "73"]
[EventDate "2015.05.22"]
[EventType "swiss"]
[EventRounds "7"]
[EventCountry "NED"]
[Source "P.Boonen"]
[SourceDate "2015.10.01"]

1. d4 f5 2. Bg5 g6 3. Nc3 Bg7 4. h4 Nc6 5. e3 h6 6. Bf4 e5 7. dxe5 Nxe5 8. Nf3
d6 9. Bxe5 Bxe5 10. Nxe5 dxe5 11. Qxd8+ Kxd8 12. O-O-O+ Bd7 13. Bc4 Nf6 14. Rd2
Ke7 15. Nd5+ Nxd5 16. Rxd5 e4 17. Rhd1 Rad8 18. b4 Bc8 19. Kb2 Rxd5 20. Rxd5
Rd8 21. Kc3 Rxd5 22. Bxd5 Kd6 23. Kd4 c6 24. Bf7 g5 25. hxg5 hxg5 26. c4 Ke7
27. Bh5 Kf6 28. g4 Be6 29. gxf5 Kxf5 30. Bd1 b5 31. cxb5 cxb5 32. a3 Bc4 33.
Bc2 Kg4 34. Bxe4 Be2 35. Bc6 Kh3 36. Ke5 a6 37. Bb7 1-0

[Event "BPB Limburg open"]
[Site "Maastricht"]
[Date "2015.05.24"]
[Round "5"]
[White "Gramb, Marius"]
[Black "Tromp, Paul"]
[Result "1-0"]
[WhiteElo "2045"]
[BlackElo "2087"]
[PlyCount "94"]
[EventDate "2015.05.22"]
[EventType "swiss"]
[EventRounds "7"]
[EventCountry "NED"]
[Source "P.Boonen"]
[SourceDate "2015.10.01"]

1. d4 Nf6 2. c4 g6 3. Nc3 d5 4. cxd5 Nxd5 5. Bd2 Nb6 6. Bg5 Bg7 7. e3 O-O 8.
Nf3 Be6 9. Be2 N8d7 10. O-O Bc4 11. Rc1 Bxe2 12. Nxe2 Nf6 13. Qc2 c6 14. Rfd1
Qd5 15. Nc3 Qa5 16. e4 Rad8 17. Rb1 Nbd7 18. e5 Nd5 19. Nxd5 cxd5 20. b4 Qa6
21. Bxe7 Rc8 22. Qb3 Rfe8 23. Bg5 Rc4 24. Be3 Qe6 25. Nd2 Rc7 26. Qa3 a6 27.
Rdc1 Rec8 28. Nb3 Bf8 29. Nc5 Qf5 30. Qb2 Nb6 31. Qc2 Qh5 32. Qd1 Qxd1+ 33.
Rxd1 Nc4 34. Bc1 Ra8 35. Nd3 b6 36. Nf4 Rd8 37. h4 Rcd7 38. Re1 Re8 39. Re2 Be7
40. g3 Bf8 41. b5 a5 42. Rc2 Bb4 43. Nxd5 Rxd5 44. Rxc4 Red8 45. Be3 Kg7 46.
Rc6 Rb8 47. Kg2 a4 1-0